|
|
|
|
| LEADER |
00000cam a2200000 7i4500 |
| 001 |
0000228894 |
| 005 |
20181022.0 |
| 020 |
|
|
|a 9789672165101
|
| 090 |
0 |
0 |
|a 959.5
|b SYE
|
| 100 |
0 |
|
|a Syed Husin Ali
|
| 245 |
1 |
2 |
|a A people's history of Malaysia :
|b with emphasis on the development of nationalism
|c Syed Husin Ali.
|
| 260 |
|
|
|a Petaling Jaya :
|b SIRD ,
|c 2018.
|
| 300 |
|
|
|a Xi,193p. ;
|c 21cm.
|
| 650 |
|
0 |
|a Nationalism
|x History
|z Malaysia
|
| 650 |
|
0 |
|a Nationalism
|z Malaysia
|
| 650 |
|
0 |
|a Patriotism
|z Malaysia
|
| 651 |
|
0 |
|a Malaysia
|x History
|
| 651 |
|
0 |
|a Malaysia
|x Politics and government.
|
| 999 |
|
|
|a 00363674
|b BUKU
|c MALAYSIANA
|e PERPUSTAKAAN KOMUNITI PETALING JAYA
|